| 000 | 00400nam a22001697a 4500 | ||
|---|---|---|---|
| 020 | _a9788126523924 | ||
| 082 |
_a532 _bMUN/FU |
||
| 100 | _aMunson, Bruce R | ||
| 245 | _aFundamentals of fluid mechanics | ||
| 250 | _a6th ed | ||
| 260 |
_aNew Delhi _bWiley India _c2012 |
||
| 300 | _a713 | ||
| 700 | _aYoung, Donald F | ||
| 700 | _aOkiishi, Theodore H | ||
| 700 | _aHuebsch, Wade W | ||
| 942 | _cBK | ||
| 999 |
_c13893 _d13893 |
||